000
00263nam a22001217a 4500
008
181101b xxu||||| |||| 00| 0 eng d
041
_a
eng
080
_2
6th
_a
620
100
_a
27
101
_a
MEK
245
_a
Transistor Manual
_c
Phelps,J.H
942
_2
udc
_c
BK
999
_c
51449
_d
51449